Umění, mystika a politické jednání /

Hlavní autor: Drulák, Petr, 1972-
Další autoři: Jaromír 99, 1963-
Jazyk: Čeština
Vydáno: Praha : Novela bohemica, 2016
Vydání: Vydání první
Témata:
Fyzický popis: 165 stran : ilustrace ; 22 cm
Knihy
Uloženo v:
LEADER 01760nam a2200505 i 4500
001 nkc20162801376
003 CZ PrNK
005 20250103091238.0
007 ta
008 160531s2016 xr a e 000 0 cze
015 |a cnb002801376 
020 |a 978-80-87683-61-3  |q (brožováno) :  |c Kč 238,00 
035 |a (OCoLC)953517081 
040 |a BOA001  |b cze  |e rda 
043 |a e-xr--- 
072 7 |a 32  |x Politika  |2 Konspekt  |9 15 
080 |a 32  |2 MRF 
080 |a 72/76:32  |2 MRF 
080 |a 323  |2 MRF 
080 |a (437.3)  |2 MRF 
080 |a (0:82-4)  |2 MRF 
100 1 |a Drulák, Petr,  |d 1972-  |7 js20020318003  |4 aut 
245 1 0 |a Umění, mystika a politické jednání /  |c Petr Drulák ; ilustrace Jaromír 99 
250 |a Vydání první 
264 1 |a Praha :  |b Novela bohemica,  |c 2016 
300 |a 165 stran :  |b ilustrace ;  |c 22 cm 
336 |a text  |b txt  |2 rdacontent 
337 |a bez média  |b n  |2 rdamedia 
338 |a svazek  |b nc  |2 rdacarrier 
504 |a Obsahuje bibliografické odkazy 
650 0 7 |a politika  |7 ph115795  |2 czenas 
650 0 7 |a umění a politika  |7 ph126925  |2 czenas 
650 0 9 |a politics  |2 eczenas 
650 0 9 |a art and politics  |2 eczenas 
651 7 |a Česko  |7 ge128065  |x společnost a politika  |2 czenas 
651 9 |a Czechia  |x society and politics  |2 eczenas 
655 7 |a eseje  |7 fd132213  |2 czenas 
655 9 |a essays  |2 eczenas 
700 0 |a Jaromír 99,  |d 1963-  |7 xx0013171  |4 ill 
910 2 |a BOA001  |b 2-1370.085  |b KMK-0002.534 
990 |a BK 
995 |a 01 
991 |b 201606  |c NOV 
996 6 |b 2610673066  |c 2-1370.085  |l MZK  |r Sklad / do 1 hodiny  |n 1  |p p.v.  |w 001564699  |u 000010  |a 1  |e BOA001  |j MZK50  |s P 
996 6 |b 261K004856  |c KMK-0002.534  |l MZK  |r K. M. Kundery - 1. patro  |n 0  |p dar  |h G/01-11.O,012  |w 001564699  |u 000020  |a 0  |e BOA001  |j MZK50  |s P